|
|
|
|
| LEADER |
00000nab a2200000 ar4500 |
| 001 |
vtls010104924 |
| 003 |
SK-MaSNL |
| 005 |
20260303080731.0 |
| 008 |
100610c2010 xo ||||||||||||00 b|slo |
| 015 |
|
|
|a SNBRB2010/06
|2 snkbucl
|
| 038 |
|
|
|a SNKBUCL
|
| 040 |
|
|
|a SNKBUCL
|b slo
|c SNKBUCL
|e AACR2
|
| 041 |
|
|
|a slo
|
| 044 |
|
|
|a xo
|c SK
|
| 080 |
|
|
|a 331.56
|x (437.6)
|2 2001
|
| 100 |
1 |
|
|a Tomko, Anton
|4 aut
|9 1027830
|
| 245 |
1 |
0 |
|a Vyhodnotenie vybraných nástrojov aktívnej politiky trhu práce
|c Anton Tomko
|
| 300 |
|
|
|b Grafy
|
| 650 |
0 |
7 |
|a trh práce
|2 snkbucl
|9 2371
|
| 650 |
0 |
7 |
|a zamestnanosť
|x poskytovanie
|2 snkbucl
|9 1082982
|
| 650 |
0 |
7 |
|a aktívna politika
|2 snkbucl
|9 1082984
|
| 650 |
0 |
7 |
|a vybrané nástroje
|2 snkbucl
|9 1082985
|
| 651 |
|
7 |
|a Stará Ľubovňa (Slovensko)
|2 snkbucl
|9 19193
|
| 773 |
0 |
|
|t Zamestnanosť a sociálna politika
|g Č. 5 (2010), s. 19
|x 1336-5053
|
| 852 |
|
|
|a SNK
|b KIS3GCP
|
| 958 |
|
|
|a SK
|
| 999 |
|
|
|c 1781749
|d 1783679
|